[Event "68th Warsaw-ch-A 2019"]
[Site "Warsaw"]
[Date "2019.11.14"]
[Round "3.10"]
[White "Liberadzki, Slawomir"]
[Black "Sacharewicz, Krzysztof"]
[Result "1-0"]
[WhiteElo "1999"]
[BlackElo "1860"]
[Annotator "NA RC"]
[PlyCount "77"]
[EventDate "2019.11.14"]
[EventType "swiss"]
[EventCountry "POL"]
[SourceTitle "playchess.com"]
[Source "ChessBase"]
[SourceQuality "1"]
[TimeControl "5400+30"]

1. c4 {[%emt 0:14:27]} e5 {[%emt 0:00:14]} 2. Nc3 {[%emt 0:00:13]} Nc6 {[%emt 0:00:47]} 3. g3 {[%emt 0:00:15]} f5 {[%emt 0:01:22]} 4. Bg2 {[%emt 0:00:13]} Nf6 {[%emt 0:00:37]} 5. d3 {[%emt 0:01:37]} Bb4 {[%emt 0:00:49]} 6. Bd2 {[%emt 0:00:51]} d6 {[%emt 0:00:25]} 7. a3 {[%emt 0:03:35]} Bxc3 {[%emt 0:00:25]} 8. Bxc3 {[%emt 0:00:08]} O-O {[%emt 0:03:00]} 9. b4 {[%emt 0:05:34]} Qe8 {[%emt 0:06:20]} 10. b5 {[%emt 0:01:26]} Nd8 {[%emt 0:01:44]} 11. e3 {[%emt 0:08:31]} c6 {[%emt 0:11:24]} 12. bxc6 {[%emt 0:03:35]} bxc6 {[%emt 0:02:13]} 13. Ne2 {[%emt 0:03:52]} Rb8 {[%emt 0:05:18]} 14. Qa4 {[%emt 0:08:20]} a6 {[%emt 0:05:12]} 15. O-O {[%emt 0:11:26]} Qg6 {[%emt 0:08:07]} 16. c5 {[%emt 0:13:25]} f4 {[%emt 0:21:48]} 17. exf4 {[%emt 0:01:38]} Qxd3 {[%emt 0:00:36]} 18. fxe5 {[%emt 0:02:22]} Nd7 {[%emt 0:03:41]} 19. Qd1 {[%emt 0:03:08]} Qxd1 {[%emt 0:05:59]} 20. Rfxd1 {[%emt 0:01:53]} dxe5 {[%emt 0:02:33]} 21. Bh3 {[%emt 0:03:21]} Nxc5 {[%emt 0:08:11]} 22. Bxe5 {[%emt 0:02:27]} Ra8 {[%emt 0:00:25]} 23. Bg2 {[%emt 0:02:38]} Bg4 {[%emt 0:03:14]} 24. Bd6 {[%emt 0:03:26]} Bxe2 {[%emt 0:01:38]} 25. Re1 {[%emt 0:00:01]} Re8 {[%emt 0:03:01]} 26. Bxc5 {[%emt 0:00:13]} Bh5 {[%emt 0:00:17]} 27. Rec1 {[%emt 0:02:12]} Re6 {[%emt 0:01:58]} 28. Bb6 {[%emt 0:01:19]} Be8 {[%emt 0:00:01]} 29. a4 {[%emt 0:00:39]} Rh6 {[%emt 0:01:28]} 30. a5 {[%emt 0:00:24]} Nf7 {[%emt 0:01:16]} 31. Rc5 {[%emt 0:00:41]} Rc8 {[%emt 0:00:54]} 32. Bf1 {[%emt 0:00:37]} Ra8 {[%emt 0:00:13]} 33. Re1 {[%emt 0:00:33]} Nd6 {[%emt 0:00:41]} 34. Rce5 {[%emt 0:01:09]} Bf7 {[%emt 0:00:30]} 35. Be3 {[%emt 0:00:47]} Re6 {[%emt 0:00:23]} 36. Rxe6 {[%emt 0:00:12]} Bxe6 {[%emt 0:00:01]} 37. Bf4 {[%emt 0:00:22]} Bf5 38. Be3 Be6 39. Bf4 1-0

[Event "68th Warsaw-ch-A 2019"]
[Site "Warsaw"]
[Date "2019.11.15"]
[Round "4.1"]
[White "Jarmula, Lukasz"]
[Black "Kozak, Antoni"]
[Result "1-0"]
[WhiteElo "2466"]
[BlackElo "2350"]
[Annotator "ChessBase"]
[PlyCount "61"]
[EventDate "2019.11.14"]
[EventType "swiss"]
[EventCountry "POL"]
[SourceTitle "playchess.com"]
[Source "ChessBase"]
[SourceQuality "1"]
[TimeControl "5400+30"]

1. e4 {[%emt 0:02:20]} c5 {[%emt 0:00:36]} 2. Nc3 {[%emt 0:00:06]} a6 {[%emt 0:03:06]} 3. Nge2 {[%emt 0:01:26]} e6 {[%emt 0:03:22]} 4. g3 {[%emt 0:03:33]} b5 {[%emt 0:00:06]} 5. Bg2 {[%emt 0:00:48]} Bb7 {[%emt 0:00:15]} 6. d4 Nf6 {[%emt 0:13:23]} 7. d5 {[%emt 0:09:59]} b4 {[%emt 0:01:26]} 8. Nb1 {[%emt 0:11:55]} e5 {[%emt 0:15:58]} 9. a3 {[%emt 0:05:03]} a5 {[%emt 0:04:37]} 10. O-O {[%emt 0:08:25]} d6 {[%emt 0:01:38]} 11. axb4 {[%emt 0:04:50]} cxb4 {[%emt 0:00:06]} 12. c3 {[%emt 0:04:51]} Na6 {[%emt 0:04:03]} 13. Qa4+ {[%emt 0:02:43]} Nd7 {[%emt 0:00:30]} 14. Be3 {[%emt 0:05:58]} Nac5 {[%emt 0:06:11]} 15. Bxc5 {[%emt 0:00:52]} dxc5 {[%emt 0:00:04]} 16. Nd2 {[%emt 0:01:38]} Ba6 {[%emt 0:01:32]} 17. Rfe1 {[%emt 0:03:51]} Bd6 {[%emt 0:00:25]} 18. Bh3 {[%emt 0:05:03]} Ke7 {[%emt 0:00:07]} 19. Nb3 {[%emt 0:07:08]} Qc7 {[%emt 0:09:37]} 20. Nxa5 {[%emt 0:03:40]} Nb6 {[%emt 0:01:48]} 21. Nc6+ {[%emt 0:01:00]} Kf6 {[%emt 0:00:57]} 22. Qc2 {[%emt 0:01:24]} Bb5 {[%emt 0:02:50]} 23. cxb4 {[%emt 0:01:36]} Bxc6 {[%emt 0:02:24]} 24. dxc6 {[%emt 0:01:06]} cxb4 {[%emt 0:02:17]} 25. Rxa8 {[%emt 0:07:16]} Rxa8 {[%emt 0:00:06]} 26. Nd4 {[%emt 0:00:51]} exd4 {[%emt 0:01:50]} 27. e5+ {[%emt 0:00:13]} Bxe5 {[%emt 0:00:07]} 28. Qf5+ {[%emt 0:01:38]} Ke7 {[%emt 0:00:04]} 29. Rxe5+ {[%emt 0:00:05]} Kf8 {[%emt 0:00:03]} 30. Re1 {[%emt 0:00:13]} Re8 {[%emt 0:03:52]} 31. Qc5+ {[%emt 0:00:37]} 1-0

[Event "68th Warsaw-ch-A 2019"]
[Site "Warsaw"]
[Date "2019.11.15"]
[Round "4.2"]
[White "Mis, Mieszko"]
[Black "Kowalski, Igor"]
[Result "0-1"]
[WhiteElo "2328"]
[BlackElo "2346"]
[Annotator "TA"]
[PlyCount "116"]
[EventDate "2019.11.14"]
[EventType "swiss"]
[EventCountry "POL"]
[SourceTitle "playchess.com"]
[Source "ChessBase"]
[SourceQuality "1"]

{[%evp 21,116,19,33,29,37,34,32,27,41,13,13,13,13,16,26,4,20,16,21,0,12,-20,-14,-25,-17,-8,-6,-30,-45,-36,-45,-45,-50,-70,-55,-87,-44,-53,-60,-58,-51,-57,-41,-49,-50,-90,-88,-92,-88,-94,-94,-95,-91,-95,-93,-101,-100,-129,-76,-194,-193,-187,-187,-172,-156,-221,-214,-224,-224,-219,-210,-220,-201,-204,-201,-208,-208,-349,-331,-420,-414,-485,-478,-470,-460,-437,-427,-667,-630,-635,-607,-564,-535,-722,-722,-722,-721]} 1. Nf3 Nf6 2. c4 e6 3. g3 d5 4. d4 Be7 5. Bg2 O-O 6. O-O Nbd7 7. Nbd2 c6 8. Qc2 b6 9. e4 Bb7 10. e5 Ne8 11. cxd5 cxd5 12. Re1 {E09: Closed Catalan: Main Line: 7 Qc2 c6 8 Nbd2} Qc7 13. Qb3 (13. Qd1 a5 14. Nf1 Rc8 15. Ne3 Ba6 16. h4 h6 17. Bd2 Qd8 18. Bh3 Nb8 19. a3 Qd7 {½-½ (69) Cheparinov,I (2683)-Piorun,K (2631) Skopje 2019}) 13... a5 14. Bf1 {White is slightly better.} a4 $146 ({Predecessor:} 14... Ba6 15. Bxa6 Rxa6 16. Nf1 a4 17. Qd3 Qc4 18. Qd1 Nc7 19. Ne3 Qc6 {½-½ (43) Gantner,M (2297)-Huss,A (2319) Flims 2012}) 15. Qe3 Ba6 16. Bxa6 Rxa6 17. Qd3 Ra8 18. Nf1 Qc4 19. Qb1 Qa6 20. Ne3 Nc7 21. Ng4 Rfc8 22. Bg5 Bxg5 23. Nxg5 Nf8 24. Qd1 {Qf3 is the strong threat.} (24. a3 {is interesting.} b5 25. Nf3 h6 26. Qc2 b4 27. axb4 Qb5 28. Rec1) 24... h6 25. Nf3 a3 26. Rb1 Nb5 27. Qd2 axb2 28. Rxb2 Nc3 29. Kg2 Ne4 30. Qe2 Ng6 31. Ne3 Ne7 32. Qxa6 Rxa6 33. Nd2 Nc3 34. Ra1 Rca8 35. a3 Rxa3 36. Rxa3 Rxa3 37. Rxb6 Ra2 38. Nf3 Ne4 39. Nd1 {[#]} Nf5 (39... g5 $142 $1 {[%cal Rg5g4] aiming for ...g4.} 40. h3 Nf5) 40. Nb2 (40. Rb8+ $17 {is a better defense.} Kh7 41. Rb2) 40... g5 $19 41. h3 h5 42. Rb4 Kg7 43. Kg1 (43. g4 $17 {was necessary.} hxg4 44. hxg4) 43... Ra3 44. Kg2 Rc3 45. Ne1 h4 {[%cal Rh4g3]} 46. g4 Ne7 47. Nbd3 Ra3 48. f3 Nd2 49. Nc5 (49. f4 $142) 49... Nc6 50. Rb7 Nxd4 51. Nc2 Ra2 {Black is clearly winning.} ({Not} 51... Nxc2 52. Nxe6+ Kg8 53. Rb8+ Kh7 54. Rb7 $19) 52. Nxd4 {Black must now prevent Ncxe6+.} Nb3+ {[%mdl 64] [#] Discovered Attack} 53. Kf1 Nxd4 54. Nd7 (54. Rb4 $142 Rd2 55. Ra4) 54... Nxf3 55. Rb8 Nd2+ 56. Kg1 Ne4 57. Rb7 d4 58. Rb4 d3 {Accuracy: White = 46%, Black = 76%.} 0-1

[Event "68th Warsaw-ch-A 2019"]
[Site "Warsaw"]
[Date "2019.11.15"]
[Round "4.3"]
[White "Wiech, Grzegorz"]
[Black "Chylewski, Patryk"]
[Result "0-1"]
[WhiteElo "2219"]
[BlackElo "2348"]
[Annotator "TA"]
[PlyCount "180"]
[EventDate "2019.11.14"]
[EventType "swiss"]
[EventCountry "POL"]
[SourceTitle "playchess.com"]
[Source "ChessBase"]
[SourceQuality "1"]

{[%evp 15,180,16,38,34,29,38,66,65,59,77,73,66,66,49,50,51,50,49,52,50,55,50,53,29,27,28,48,-110,-110,-110,-100,-106,-106,-110,-100,-100,-101,-110,-105,-104,-102,-111,-97,-104,-94,-116,-95,-109,-91,-91,-77,-77,-77,-105,-105,-105,-105,-115,-105,-113,-112,-120,-17,-20,-19,-120,-120,-120,-120,-120,-121,-343,-343,-12837,-343,-343,-343,-12839,-12837,-12839,-121,-173,0,-12837,-358,-12830,-12831,-12831,-12831,-12833,-12833,-12834,-12835,-12834,-343,-11091,-2827,-481,-391,-368,-195,-343,-343,-343,-343,-325,-310,-296,-293,-233,-208,-217,0,0,0,0,0,0,0,0,0,0,0,0,0,0,0,0,0,0,0,0,0,0,0,0,0,0,0,0,0,0,0,0,0,0,0,0,0,0,0,0,0,0,0,0,0,0,0,0,0,0,0,0,0,-12850,-12850]} 1. e4 c5 2. Nf3 e6 3. d4 cxd4 4. Nxd4 a6 5. Bd3 Nf6 6. O-O Qc7 7. Kh1 Nc6 8. Nxc6 dxc6 9. f4 {B42: Sicilian: Kan Variation: 5 Bd3} e5 (9... b5 10. a4 Bb7 11. Nd2 Be7 12. Qe2 Nd7 13. Nb3 e5 14. Bd2 Rc8 15. c4 bxa4 16. Rxa4 exf4 17. Bxf4 {0-1 (37) Naiditsch,A (2641)-Weiss,C (2431) Germany 2005}) 10. fxe5 Ng4 11. Bc4 $146 {[%cal Rc4f7] White is slightly better.} ({Predecessor:} 11. Bf4 Nxe5 {½-½ (58) Oehne,T (2010)-Stock,J (2161) Germany 2016}) 11... Nxe5 12. Bf4 f6 13. Qh5+ g6 14. Bxe5 Qxe5 15. Bf7+ Ke7 {[#]} 16. Bxg6 $1 {[%mdl 512]} Qxh5 (16... hxg6 17. Qxh8) 17. Bxh5 Bh6 18. Nc3 Be6 19. b3 Rad8 20. Rad1 Be3 21. Nd5+ $2 (21. Ne2 $14 {stays ahead.}) 21... cxd5 $17 22. exd5 Bf7 $1 {[%cal Rf7h5] [#]} ({Stronger than} 22... Rxd5 23. Rxd5 Bxd5 24. Re1 $16) 23. d6+ $1 {[%mdl 512]} Ke8 $1 ({Much worse is} 23... Rxd6 $6 24. Rxd6 Bxh5 25. Rd3 $14) 24. Bf3 {Black must now prevent Rfe1.} Bc5 25. Bxb7 Rxd6 26. Rxd6 Bxd6 27. Rxf6 Ke7 28. Rf1 Bg6 29. Bxa6 Bxc2 30. Bc4 Ba3 31. Re1+ Kd6 32. Bd3 Rc8 33. Bxc2 Rxc2 {[%mdl 4096] Endgame KRB-KR} 34. g3 Rxa2 35. Re4 Bc1 $1 36. Rh4 h6 {...Rb2 is the strong threat.} 37. Rc4 Be3 38. Re4 {[#]} Re2 (38... Bg5 $1 $17 {Threatens to win with ...Rd2.} 39. h4 Bf6) 39. Re8 $11 Kd5 40. Re7 {[#]} (40. h4 $1 $11) 40... Kd4 $1 $17 41. Re8 Kd3 42. Re7 Rb2 43. Re8 $2 (43. Re6 $17 {was necessary.}) 43... Rxb3 $19 44. Re7 $2 (44. Kg2) 44... Rb1+ $2 (44... Rb2 45. h4 Ra2) 45. Kg2 Rb2+ 46. Kh1 $2 (46. Kh3) 46... Ra2 47. Re8 Ke2 $2 (47... h5 $19 48. Re5 Rb2 49. Rxh5 Ke4) 48. Rf8 (48. Kg2 $17 {was called for.}) 48... Kd3 $2 (48... Rd2 49. h4 Bd4) 49. Re8 $1 Kd4 $2 (49... h5 50. Re5 Bd4 51. Rxh5 Ke4 52. Rh4+ Kd5) 50. Re7 $2 (50. Re6) 50... Bg5 51. Re8 Kd5 52. Re1 Bf6 53. Re3 Be5 54. Re1 Ke6 $2 (54... Bd4 55. Rf1 Be3) 55. Rf1 $2 (55. Re4) 55... Bd4 56. Rf4 Bf6 57. Rf1 Kf7 (57... Rd2 $142 58. Rf4 Ra2) 58. Rf3 (58. Rg1 $142) 58... Kg6 59. Rf4 Rd2 60. Re4 Bd4 61. Rf4 Be5 62. Re4 Kf5 63. Rh4 Ra2 $2 ({Black should play} 63... Kg5 $19 {aiming for ...Bc7.} 64. Kg1 Rb2) 64. Rxh6 $11 Kg4 65. Rh7 $1 Bf6 {( -> ...Kf3)} 66. Rf7 Be5 67. Re7 Bc3 68. Re4+ Kg5 (68... Kf3 {keeps more tension.} 69. Rf4+ Ke3 70. Rf7 Kd4 71. h4 Kd3) 69. Rc4 Bf6 70. Rf4 Rd2 71. Kg1 Bd4+ 72. Kh1 Bf2 73. Rf8 Bd4 74. Rf4 Be5 75. Re4 Kf5 76. Rh4 Rc2 77. Kg1 Bd6 78. Kh1 Bc5 79. Rf4+ Ke5 80. Rh4 Be3 81. Rg4 Kf5 (81... Bc1 {with more complications.} 82. h4 Kf5 83. Rg8 Ke4 84. Rf8 Bh6) 82. Rh4 (82. Rb4 {looks sharper.} Ra2 83. Rb7 Bd4 84. Rf7+ Ke6 85. Rf1) 82... Rd2 83. Rh7 Bg5 (83... Kg4 {seems wilder.} 84. Rg7+ Kf3 85. Rf7+ Ke4 86. h4 Rb2) 84. Kg1 Bf6 85. Rf7 Kg6 86. Rf8 Kg5 87. Rf7 Be5 88. Kh1 Kg4 89. Kg1 Bd4+ 90. Kh1 $2 {[%mdl 8192]} (90. Kf1 $11) 90... Rd1+ {Accuracy: White = 54%, Black = 54%.} 0-1

[Event "68th Warsaw-ch-A 2019"]
[Site "Warsaw"]
[Date "2019.11.15"]
[Round "4.5"]
[White "Mickiewicz, Piotr"]
[Black "Praczukowski, Stanislaw"]
[Result "1-0"]
[WhiteElo "2216"]
[BlackElo "2069"]
[Annotator "TA"]
[PlyCount "179"]
[EventDate "2019.11.14"]
[EventType "swiss"]
[EventCountry "POL"]
[SourceTitle "playchess.com"]
[Source "ChessBase"]
[SourceQuality "1"]

{[%evp 13,179,20,21,17,62,0,-8,0,0,0,0,0,0,0,0,0,0,0,40,54,47,53,51,37,47,34,48,41,62,29,75,43,52,50,74,0,0,0,0,0,0,0,6,6,15,0,0,0,0,2,94,0,0,0,0,0,0,0,0,0,0,0,0,0,0,0,72,96,123,139,227,232,276,230,220,108,87,93,267,240,269,342,280,289,287,180,329,222,222,217,254,96,114,100,143,25,212,0,0,0,0,0,15,14,16,26,414,143,127,8,8,11,113,36,36,0,0,0,34,0,37,0,118,155,227,227,227,227,223,227,227,227,408,327,484,467,456,458,441,425,435,428,412,368,1376,1233,1108,1057,2057,1819,6713,6087,29984,29985,29990,29991,29992,29993,29996,29997,29997,29992,29992,29992,29993,29991,29992,29991]} 1. e4 e5 2. Nf3 Nc6 3. Bb5 a6 4. Ba4 d6 5. c3 f5 6. exf5 Bxf5 7. d4 e4 $1 {[%cal Re4f3]} 8. Ng5 {C74: Ruy Lopez: Deferred Steinitz: 5 c3 f5} (8. Nfd2 Nf6 9. Nf1 Be7 10. Bg5 O-O 11. Ne3 Bg6 12. Nd2 Kh8 13. O-O b5 14. Bb3 Na5 15. Be6 c6 16. Bxf6 Rxf6 {0-1 (49) Malakhov,V (2686)-Fressinet,L (2662) Riadh 2017}) 8... d5 9. O-O (9. f3 $14 e3 10. Bxe3 (10. Bxc6+ bxc6 11. Bxe3 h6 $11)) 9... h6 $11 10. Nh3 {The position is equal.} Nf6 11. f3 $146 ({Predecessor:} 11. Nf4 Bd6 12. Bb3 Ne7 13. c4 c6 14. cxd5 cxd5 15. Nc3 Bc7 {½-½ (37) Werle,A-Soderborg,B Malmo 1966}) 11... Bxh3 12. gxh3 Qd7 13. fxe4 dxe4 14. Bf4 O-O-O 15. Nd2 Bd6 16. Bxd6 Qxd6 {[#]} 17. Nxe4 $1 {[%mdl 576] Decoy} Nxe4 18. Qg4+ {[%mdl 64] Double Attack} Kb8 19. Qxe4 Rhe8 20. Qf4 Qe6 21. Qg3 Qd5 {With the idea ...Nxd4!} 22. Bb3 Qb5 23. Rf7 Qb6 24. Re1 (24. Rf2 $16) 24... Rxe1+ 25. Qxe1 Na5 $1 {[%cal Ra5b3]} 26. Qe7 Rd6 27. Rxg7 Nxb3 28. axb3 {[%mdl 4096] Endgame KQR-KQR} Ka7 29. Qxc7 Rg6+ $1 30. Kh1 Qb5 {[%cal Rb5f1]} 31. c4 Qxb3 (31... Rxg7 $11 32. Qxg7 (32. cxb5 $2 {is the wrong capture.} Rxc7 33. Kg2 Rc2+ 34. Kf3 axb5 $19) 32... Qxb3) 32. Qc5+ (32. Rxg6 $16 {Threatening mate with Qc5+.} Qf3+ 33. Kg1 Qe3+ 34. Kg2 (34. Kh1 Qe4+ 35. Kg1 Qxd4+ 36. Kf1 Qd3+ 37. Ke1 Qxg6 $14) 34... Qe4+ 35. Kg3 Qxg6+ 36. Kf4) 32... Rb6 33. Kg2 Qe3 34. b4 Qe2+ 35. Kg3 Qe3+ 36. Kh4 Qf4+ 37. Rg4 Qf2+ 38. Rg3 Qf6+ 39. Kg4 h5+ (39... Ka8 $11 40. Kh5 Qf7+ 41. Kh4 Qf6+ 42. Kh5 Qf7+ 43. Kh4 Qf6+ 44. Kh5) 40. Kxh5 $16 Qf7+ 41. Kg4 $1 Qe6+ (41... Qe8 $16 42. Kf3 Qe1) 42. Kf3 $18 Qf7+ 43. Kg2 Qf4 44. Rf3 (44. d5 $18 {is more deadly.}) 44... Qd2+ $16 45. Rf2 Qh6 $2 (45... Qxb4 $16 46. Qxb4 Rxb4) 46. d5 $18 Qg5+ 47. Kf3 Qf5+ 48. Ke3 Qxh3+ 49. Kd2 {aiming for Rf6.} Qb3 (49... Qh8 $142 50. Kd3 Qa1) 50. h4 Qb2+ 51. Ke3 Qc1+ 52. Kf3 $2 (52. Kd3 $18 {and White stays clearly on top.}) 52... Qh1+ $16 53. Kg3 Qg1+ 54. Kf4 (54. Rg2 $1 $16 {[%cal Rg2g1]} Qe1+ 55. Qf2 Qxb4 56. Qd4) 54... Qc1+ $2 (54... Qh1 $1 $11) 55. Ke5 $2 (55. Ke4 $18) 55... Qe1+ $1 $11 56. Kf5 Qb1+ 57. Kg5 Qg6+ 58. Kf4 {And now Rf3 would win.} Qf6+ 59. Kg3 Qe5+ $2 {[%mdl 8192]} (59... Qg6+ $11 {and Black is okay.} 60. Kh3 Qd3+ 61. Kg4 (61. Kh2 Qe4 $16) 61... Qg6+ 62. Kf3 Qh5+ 63. Kg3 Qg6+ 64. Kh3 Qd3+ 65. Kg2 (65. Kh2 Qe4 $16) 65... Qe4+ 66. Kh3 Qd3+) 60. Kh3 $2 (60. Rf4 $1 $18) 60... Qc3+ $16 61. Kh2 (61. Kg2 $16) 61... Qe5+ $1 $11 62. Kg2 {Black must now prevent Rf3.} Qg7+ (62... Qe4+ $11 {remains equal.} 63. Kg3 Qg6+ 64. Kf4 Qf6+ 65. Kg3 Qg6+ 66. Kh3 Qd3+ 67. Kh2 Qe4) 63. Kf3 ({White should try} 63. Kf1 $1 $16) 63... Qf6+ $1 $14 64. Kg3 Qg7+ 65. Kh3 {Threatens to win with h5.} Qc3+ 66. Kh2 {Strongly threatening Rf4.} Qe5+ $1 67. Kg2 ({White should play} 67. Kg1 $14) 67... Qg7+ $16 68. Kf1 $1 Qa1+ (68... Qc3 $16 69. Ke2 Qxb4 70. Qxb4 Rxb4) 69. Ke2 $1 $18 Qb2+ 70. Kd3 $1 Qb3+ 71. Ke4 Qb1+ {[#]} 72. Kd4 $1 Qa1+ $2 {[#]} (72... Qg1 73. Kd3 Qg6+ 74. Kc3 Qg3+ 75. Kc2 Qxh4) 73. Kd3 $1 Qb1+ (73... Qh1 $142 74. d6 Qd1+ 75. Ke3 Qxd6 76. Qxd6 Rxd6) 74. Kc3 Qa1+ 75. Kb3 Qb1+ 76. Rb2 Qd1+ 77. Ka3 Qa1+ 78. Ra2 Qc1+ $2 (78... Qd1 79. Qe3 Qg4) 79. Ka4 Qb1 80. Ra3 Qg6 81. Ka5 Qf6 82. h5 Qd8 83. h6 {White mates.} Qf6 84. h7 Qd8 85. Rf3 Qe8 86. Qxb6+ Ka8 {[#]} 87. h8=R $1 Qxh8 88. Qf6 b6+ 89. Ka4 b5+ {[#]} 90. Ka3 $1 {Accuracy: White = 53%, Black = 47%.} 1-0

[Event "68th Warsaw-ch-A 2019"]
[Site "Warsaw"]
[Date "2019.11.15"]
[Round "4.6"]
[White "Janeczko, Jakub"]
[Black "Chomczyk, Marek"]
[Result "0-1"]
[WhiteElo "1839"]
[BlackElo "2282"]
[Annotator "NA"]
[PlyCount "82"]
[EventDate "2019.11.14"]
[EventType "swiss"]
[EventCountry "POL"]
[SourceTitle "playchess.com"]
[Source "ChessBase"]
[SourceQuality "1"]
[TimeControl "5400+30"]

1. e4 {[%emt 0:00:00]} e5 {[%emt 0:00:00]} 2. Nf3 {[%emt 0:00:00]} Nc6 {[%emt 0:00:00]} 3. Bc4 {[%emt 0:00:07]} Bc5 {[%emt 0:00:00]} 4. d3 {[%emt 0:02:48]} Nf6 {[%emt 0:00:15]} 5. Nc3 {[%emt 0:02:01]} d6 {[%emt 0:00:29]} 6. Bg5 {[%emt 0:03:22]} h6 {[%emt 0:00:05]} 7. Bxf6 {[%emt 0:02:19]} Qxf6 {[%emt 0:00:29]} 8. h3 {[%emt 0:03:35]} Be6 {[%emt 0:01:38]} 9. Nd5 {[%emt 0:01:56]} Qd8 {[%emt 0:00:32]} 10. Qe2 {[%emt 0:02:56]} Na5 {[%emt 0:00:44]} 11. Bb3 {[%emt 0:02:42]} c6 {[%emt 0:03:16]} 12. Nc3 {[%emt 0:02:20]} Nxb3 {[%emt 0:00:45]} 13. axb3 {[%emt 0:00:17]} O-O {[%emt 0:00:15]} 14. O-O {[%emt 0:01:43]} a6 {[%emt 0:00:41]} 15. Rad1 {[%emt 0:04:47]} Qf6 {[%emt 0:01:37]} 16. Qd2 {[%emt 0:01:51]} Bxh3 {[%emt 0:00:38]} 17. d4 {[%emt 0:01:10]} exd4 {[%emt 0:01:16]} 18. Nxd4 {[%emt 0:00:03]} Qg6 {[%emt 0:00:15]} 19. g3 {[%emt 0:05:28]} Bxf1 {[%emt 0:00:11]} 20. Kxf1 {[%emt 0:00:09]} Rfe8 {[%emt 0:01:04]} 21. Nf5 {[%emt 0:02:15]} d5 {[%emt 0:00:05]} 22. Qf4 {[%emt 0:00:36]} Qh5 {[%emt 0:05:25]} 23. Kg2 {[%emt 0:01:55]} d4 {[%emt 0:02:00]} 24. Rh1 {[%emt 0:03:25]} Qg5 {[%emt 0:00:56]} 25. Ne2 {[%emt 0:00:27]} Qxf4 {[%emt 0:01:41]} 26. Nxf4 {[%emt 0:00:03]} Rxe4 {[%emt 0:01:40]} 27. Nh5 {[%emt 0:01:27]} Re5 {[%emt 0:00:14]} 28. g4 {[%emt 0:01:33]} Bf8 {[%emt 0:00:54]} 29. f4 {[%emt 0:00:14]} Rc5 {[%emt 0:03:07]} 30. Nxd4 {[%emt 0:01:05]} Rd8 {[%emt 0:01:01]} 31. c3 {[%emt 0:01:58]} Rxd4 {[%emt 0:00:22]} 32. cxd4 {[%emt 0:00:10]} Rc2+ {[%emt 0:00:03]} 33. Kf3 {[%emt 0:02:42]} Rxb2 {[%emt 0:00:13]} 34. g5 {[%emt 0:00:55]} Rxb3+ {[%emt 0:00:08]} 35. Ke4 {[%emt 0:00:06]} hxg5 {[%emt 0:00:20]} 36. fxg5 {[%emt 0:00:48]} Be7 {[%emt 0:00:54]} 37. Rg1 {[%emt 0:00:47]} Rb5 {[%emt 0:00:06]} 38. Nf6+ {[%emt 0:02:39]} gxf6 {[%emt 0:00:24]} 39. gxf6+ {[%emt 0:00:03]} Kf8 {[%emt 0:00:07]} 40. Rg8+ {[%emt 0:00:01]} Kxg8 {[%emt 0:00:06]} 41. fxe7 {[%emt 0:00:10]} f5+ {[%emt 0:00:03]} 0-1

[Event "68th Warsaw-ch-A 2019"]
[Site "Warsaw"]
[Date "2019.11.15"]
[Round "4.7"]
[White "Kaminski, Jan"]
[Black "Jakubowska, Anna"]
[Result "0-1"]
[WhiteElo "2024"]
[BlackElo "2112"]
[Annotator "NA"]
[PlyCount "62"]
[EventDate "2019.11.14"]
[EventType "swiss"]
[EventCountry "POL"]
[SourceTitle "playchess.com"]
[Source "ChessBase"]
[SourceQuality "1"]
[TimeControl "5400+30"]

1. e4 {[%emt 0:00:00]} c6 {[%emt 0:00:00]} 2. d4 {[%emt 0:00:00]} d5 {[%emt 0:00:00]} 3. exd5 {[%emt 0:00:00]} cxd5 {[%emt 0:00:00]} 4. Bd3 {[%emt 0:00:00]} Nc6 {[%emt 0:00:10]} 5. c3 {[%emt 0:00:00]} Nf6 {[%emt 0:00:38]} 6. Bf4 {[%emt 0:00:03]} g6 {[%emt 0:00:13]} 7. Nd2 {[%emt 0:00:13]} Bf5 {[%emt 0:00:20]} 8. Bxf5 {[%emt 0:00:06]} gxf5 {[%emt 0:00:06]} 9. Ngf3 {[%emt 0:00:10]} e6 {[%emt 0:01:04]} 10. Qc2 {[%emt 0:01:51]} Be7 {[%emt 0:02:36]} 11. h3 {[%emt 0:00:19]} Rg8 {[%emt 0:02:03]} 12. g3 {[%emt 0:05:50]} Nh5 {[%emt 0:05:50]} 13. Be3 {[%emt 0:00:12]} Qc7 {[%emt 0:00:30]} 14. O-O-O {[%emt 0:03:57]} O-O-O {[%emt 0:06:01]} 15. g4 {[%emt 0:00:23]} f4 {[%emt 0:03:58]} 16. gxh5 {[%emt 0:00:09]} fxe3 {[%emt 0:00:04]} 17. fxe3 {[%emt 0:00:09]} f5 {[%emt 0:00:36]} 18. Rdg1 {[%emt 0:01:16]} Bf6 {[%emt 0:03:28]} 19. c4 {[%emt 0:01:10]} Rxg1+ {[%emt 0:17:10]} 20. Rxg1 {[%emt 0:00:08]} Qf7 {[%emt 0:00:11]} 21. cxd5 {[%emt 0:00:28]} Rxd5 {[%emt 0:00:13]} 22. Ng5 {[%emt 0:03:33]} Qe7 {[%emt 0:01:44]} 23. h4 {[%emt 0:06:03]} f4 {[%emt 0:04:10]} 24. Qxh7 {[%emt 0:03:02]} Rxg5 {[%emt 0:04:46]} 25. hxg5 {[%emt 0:00:49]} Qxh7 {[%emt 0:00:06]} 26. gxf6 {[%emt 0:00:09]} fxe3 {[%emt 0:05:00]} 27. Nc4 {[%emt 0:00:31]} Nxd4 {[%emt 0:02:23]} 28. Rg6 {[%emt 0:00:13]} Qxh5 {[%emt 0:02:40]} 29. Rg8+ Kd7 {[%emt 0:01:13]} 30. Rg7+ {[%emt 0:01:25]} Kc6 {[%emt 0:00:29]} 31. Nxe3 {[%emt 0:00:07]} Qe2 {[%emt 0:02:52]} 0-1